Quizzes
Events
Quiz Creation
Community
Videos
Private Events
Remove Ads
Sign In
Join for FREE
Feedback
Dark Mode
Quiz Categories
Sports
Geography
Music
Movies
Television
Just For Fun
Miscellaneous
History
Literature
Language
Science
Gaming
Entertainment
Religion
Holiday
For Kids
Quiz Lab
Recent
Popular Today
Quiz Kudos Today
Editor Picks
Curator Picks
Quizzes by...
Day
Popularity
Type
Ratings
Length
Year
Community
Subscriptions
Recent Discussions
Orange Saloon
Badges
Playlists
Quests
Create
Leaderboards
Showdown
Live 5
Trivia Bingo
Activity
Puzzle Library
Sporcle Events
Private Events
Virtual Trivia
Globe League
Become a Host
Pub Owners
SporcleCon
Opinionation
Our Games
Videos
Blog
Mobile Apps
Partnerships
Remove Ads and Go Orange
Feedback
Gaming
Video Games
Board Games
Card Games
Pokémon
Mario
Nintendo
Minecraft
Console
Toys
Legend of Zelda
Gaming
Video Games
Board Games
Card Games
Pokémon
Mario
Nintendo
Minecraft
Console
Toys
Legend of Zelda
Random Quiz
Search Sporcle
×
Quiz Lab
Quiz Lab
Gaming
Pokémon
Type in answers that appear in a list
Type in answers that appear in a list
Classic
Best Score? Go Orange.
Legendary Pokemon (Gen 1-7) Stats
Can you name the Legendary Pokemon including Mythical Pokemon and Ultra Beasts?
By
QuizMakerKrijim
6m
72 Questions
181 Plays
181 Plays
181 Plays
Comments
Comments
Give Quiz Kudos
Give Quiz Kudos
-
- Ratings
hide this ad
Forced Order
Answers have to be entered in order
Answers have to be entered in order
Wrong Answers
Some wrong answers will appear in red
Some wrong answers will appear in red
Replay
Link that replays current quiz
Next Quiz
Link to next quiz in quiz playlist
You Got
0%
They Got
Avg Score
68%
Avg Friend Score
Upgrade to see
Score Distribution
Jump to the score distribution portion of the page
Score
0/72
Timer
06:00
0
Plays Today
Type
% Correct
Electric/
Flying
???
98.3%
Fire/
Flying
???
98.3%
Ice/
Flying
???
97.8%
Psychic
???
96.7%
Psychic
???
96.1%
Electric
???
92.3%
Fire
???
92.3%
Water
???
91.2%
Ice
???
91.2%
Steel
???
91.2%
Psychic/
Flying
???
90.6%
Fire/
Flying
???
90.6%
Rock
???
90.6%
Psychic/
Grass
???
89%
Water
???
88.4%
Ground
???
88.4%
Dragon/
Psychic
???
87.8%
Dragon/
Psychic
???
87.8%
Dragon/
Flying
???
86.7%
Water/
Dragon
???
80.1%
Steel/
Dragon
???
79.6%
Fire/
Steel
???
78.5%
Steel/
Psychic
???
77.3%
Ghost/
Dragon
???
77.3%
Psychic
???
74.6%
Psychic
???
74.6%
Psychic
???
74.6%
Psychic
???
73.5%
Dark
???
73.5%
Normal
???
71.8%
Grass
???
69.6%
Water
???
69.1%
Water
???
68.5%
Normal
???
67.4%
Psychic/
Fire
???
66.9%
Psychic
???
66.3%
Type
% Correct
Steel/
Fighting
???
65.2%
Rock/
Fighting
???
64.6%
Dragon/
Electric
???
64.6%
Grass/
Fighting
???
64.1%
Dragon/
Fire
???
64.1%
Dragon/
Ice
???
63.5%
Flying
???
62.4%
Electric/
Flying
???
62.4%
Ground/
Flying
???
61.9%
Bug/
Steel
???
61.9%
Water/
Fight
???
60.8%
Dark/
Flying
???
60.8%
Fairy
???
60.2%
Rock/
Fairy
???
59.7%
Dragon/
Ground
???
58.6%
Fire/
Water
???
58%
Normal/
Psychic
???
56.9%
Psychic/
Ghost
???
55.8%
Electric/
Fairy
???
53.6%
Psychic/
Fairy
???
52.5%
Grass/
Fairy
???
51.9%
Water/
Fairy
???
51.4%
Psychic/
Steel
???
50.8%
Psychic/
Ghost
???
49.7%
Bug/
Fighting
???
48.6%
Psychic
???
48.1%
Psychic
???
48.1%
Rock/
Poison
???
45.3%
Electric
???
43.6%
Bug/
Fighting
???
41.4%
Dark/
Dragon
???
41.4%
Fighting/
Ghost
???
41.4%
Steel/
Flying
???
40.9%
Grass/
Steel
???
40.3%
Steel/
Fairy
???
39.8%
Psychic
???
36.5%
Quiz Playlist
Details
Report
Send in Message
Add To Playlist
Classic:
Type in answers that appear in a list
Forced Order:
Answers have to be entered in order
Wrong Answers:
Some wrong answers will appear in red
Last Updated: Feb 16, 2017
Quiz Scoreboard
CHALLENGE
Sign Up to Join the Scoreboard
Show All
Scores
Hide
Comments
May contain spoilers
Recently Published
One Thing in Common: World Cities II
by knightlancer
Geography
7m
Popular People in 1961
by mucciniale
History
6m
1-10 Letter E Words III
by El_Dandy
Language
2m
More to Explore
Quiz From the Vault
Featured Blog Post
Where Did the Easter Bunny Come From?
hide this ad
You Might Also Like...
Tags
Pokémon Quiz
Legendary Pokémon
Main Pokémon
Strongest Pokémon
Today's Top Quizzes in Gaming
Browse Gaming
hide this ad
Today's Top Quizzes in Pokémon
Browse Pokémon
Top Contributed Quizzes in Gaming
1
Destiny 2 exotic weapons by perk icons
2
Who's on the WWE 2K24 Cover?
3
Windmill: Pokémon
4
Overwatch 2 Heroes by Selection Quote
5
Overwatch 2: Ultimate Ability Icons
6
Genshin Impact Logic Puzzle
7
Genshin murder mystery
8
Legendary or Exotic?
9
Overwatch Logic Puzzle
10
Franchise by Action Figure
Explore More
Trending Topics
Marvel
Crossword
Disney
Kpop
Anime
Harry Potter
NBA
Soccer
The Office
Country
Song
Pokémon
NFL
Puzzle
WWE
hide this ad
More By:
QuizMakerKrijim
Quiz
Plays
Rating
Category
Featured
Created
FMA: Seven Homunculi
856
2.25
Television
Oct 5, 2015
Dragon Ball Characters (Original to Super)
760
3.00
Television
Oct 3, 2015
Percy Jackson Characters
476
4.50
Literature
Oct 12, 2015
Kanto Pokedex (Updated)
388
4.88
Gaming
Oct 4, 2015
Dragon City Elements
361
3.00
Gaming
Oct 21, 2015
Go to Creator's Profile
Score Distribution
Quiz Creator Spotlight
QuizMakerKrijim
Follow
Send a Message
Quizzes Created
-
Created Quiz Play Count
-
More By This Creator
Popular Quizzes Today
1
Find the US States - No Outlines Minefield
2
The Countries of the World
3
Popular People in 1961
4
Find the Countries of Europe - No Outlines Minefield
5
1-10 Letter E Words III
6
Find the US States
7
One Thing in Common: World Cities II
8
US States
More Gaming Quizzes
Mario Power Tennis Courts
Quiz Lab
Trending Quizzes
1-10 Letter F Words
1-10 Letter G Words
Risky Map Clicking: Next State Alphabetically
1-10 Letter F Words II
Risky Map Clicking: States by Unique Starting Letters
Recently Updated
Leaping Animals
pecheneg
Reality TV Shows (A-Z)
bhenderson79
Rickey Henderson's Hall of Fame Teammates
pecheneg
Champions League XIs: Arsenal
pecheneg
Quick Pick: Celebrities in WWE's Hall of Fame
aduchscher
A-Z Keypad Blitz II
pecheneg
Multiple Oscar Actors
pecheneg
Mystery Phrase Blitz: Oscar 'Best Actors'
pecheneg
F. Scott Fitzgerald Novels
LTH
Pick 3 Villains
ddd62291
Trending Topics
Marvel
NBA
Anime
Harry Potter
Disney
Kpop
Crossword
Pokémon
Soccer
The Office
Puzzle
Country
NFL
Song
WWE
Your Account Isn't Verified!
In order to create a playlist on Sporcle, you need to verify the email address you used during registration. Go to your
Sporcle Settings
to finish the process.
Report this User
Report this user for behavior that violates our
Community Guidelines
.
Details:
Send Report
Go to the Sporcle.com Mobile Site →
Comments